The China investor

Uloženo v:
Podrobná bibliografie
Hlavní autor: Bowring, Philip
Médium: Kniha
Jazyk:Undetermined
Vydáno: Hong Kong AsiaPacific Fiancial Publishing 1993
Témata:
Tagy: Přidat tag
Žádné tagy, Buďte první, kdo otaguje tento záznam!
Thư viện lưu trữ: Trung tâm Học liệu Trường Đại học Cần Thơ
LEADER 00544nam a2200193Ia 4500
001 CTU_105533
008 210402s9999 xx 000 0 und d
082 |a 332.673 
082 |b B788 
100 |a Bowring, Philip 
245 4 |a The China investor 
245 0 |c Philip Bowring, David Bliasdell, Jane Parry 
260 |a Hong Kong 
260 |b AsiaPacific Fiancial Publishing 
260 |c 1993 
650 |a Stocks,Stock exchanges 
650 |z China,China 
904 |i Nguyên 
980 |a Trung tâm Học liệu Trường Đại học Cần Thơ